selected Works of Mao Tse Tung (Record no. 226283)

MARC details
000 -LEADER
fixed length control field 01698nam a22002177a 4500
005 - DATE AND TIME OF LATEST TRANSACTION
control field 20230106105814.0
008 - FIXED-LENGTH DATA ELEMENTS--GENERAL INFORMATION
fixed length control field 230106b ||||| |||| 00| 0 eng d
040 ## - CATALOGING SOURCE
Transcribing agency AL
041 ## - LANGUAGE CODE
Language code of text/sound track or separate title English
082 ## - DEWEY DECIMAL CLASSIFICATION NUMBER
Edition number 23
Classification number 951.050
Item number MAOS
100 ## - MAIN ENTRY--PERSONAL NAME
Personal name Mao Tse Tung
100 ## - MAIN ENTRY--PERSONAL NAME
9 (RLIN) 68666
245 ## - TITLE STATEMENT
Title selected Works of Mao Tse Tung
260 ## - PUBLICATION, DISTRIBUTION, ETC.
Name of publisher, distributor, etc. Foreign Languages Press
Date of publication, distribution, etc. 1969
300 ## - PHYSICAL DESCRIPTION
Extent 459 p.
Other physical details PB
Dimensions 22x15 cm.
440 ## - SERIES STATEMENT/ADDED ENTRY--TITLE
Title Volume IV
9 (RLIN) 68667
520 ## - SUMMARY, ETC.
Summary, etc. Selected Works of Mao Tse-Tung, Volume IV focuses on the views of Mao Tse-Tung on communism, revolution, civil war, and patriotism.<br/>The volume first ponders on China's policy following victory in the war of resistance against Japan and the response of Mao Tse-Tung on Chiang Kai-shek's meddling with the surrender of Japanese forces and his plans for a counter-revolutionary civil war. The publication also takes a look at the role of rent reduction and production on the defense of liberated areas and the policy for work in the liberated areas.<br/>The book examines Mao Tse-Tung's call for his comrades to rise in arms against the leadership of Chiang Kai-shek, particularly taking note of the support that Chiang Kai-shek is getting from the United States. The text also elaborates on the concept of operations for the Liaohsi-Shenyang and Huai-hai campaigns; strengthening the party committee system; and the demand to include punishment for Japanese and Kuomintang war criminals.<br/>The volume is a dependable source of data for readers interested in the views of Mao Tse-Tung on communism, revolution, civil war, and patriotism.
650 ## - SUBJECT ADDED ENTRY--TOPICAL TERM
Topical term or geographic name entry element Mao Tse Tung
9 (RLIN) 68668
650 ## - SUBJECT ADDED ENTRY--TOPICAL TERM
Topical term or geographic name entry element Selected Works
9 (RLIN) 68669
700 ## - ADDED ENTRY--PERSONAL NAME
Personal name MAO TSE TUNG
9 (RLIN) 68670
942 ## - ADDED ENTRY ELEMENTS (KOHA)
Source of classification or shelving scheme Dewey Decimal Classification
Koha item type Donated Books
Holdings
Withdrawn status Lost status Source of classification or shelving scheme Damaged status Not for loan Collection code Home library Current library Date acquired Total Checkouts Full call number Barcode Date last seen Price effective from Koha item type Public note
    Dewey Decimal Classification     History St Aloysius Library St Aloysius Library 12/15/2014   951.050 MAOS D05635 01/06/2023 01/06/2023 Donated Books Donated by V. T. Rajshekar